00321nam a2200121Ia 4500008004100000041000800041082001400049100001400063245004500077260005300122300001300175365001100188240624s9999 xx 000 0 und d aeng a322.3 GHO aGHOSH D N aBUSINESS AND POLITY DYNAMICS OF A CHANGI c2011aNew DelhibSage Publications India Pvt Ltd a468 : p. cRSb35